Revue de la situation agricole en Europe a la fin de 1982

Uložené v:
Podrobná bibliografia
Médium: Kniha
Jazyk:French
Vydavateľské údaje: New York Nations Unies 1983
Tagy: Pridať tag
Žiadne tagy, Buďte prvý, kto otaguje tento záznam!

MARC

LEADER 00000nam a2200000 4500
001 c109043
005 20041019155143.1
041 0 |a fre 
044 |a US 
245 1 0 |a Revue de la situation agricole en Europe a la fin de 1982 
264 1 |a New York  |b Nations Unies  |c 1983 
300 |a 111 s.